Sears and Zemansky's university physics with modern physics (Record no. 4484)
[ view plain ]
| 000 -LEADER | |
|---|---|
| fixed length control field | 00484 a2200169 4500 |
| 020 ## - INTERNATIONAL STANDARD BOOK NUMBER | |
| International Standard Book Number | 8129704641 |
| 040 ## - CATALOGING SOURCE | |
| Original cataloging agency | DLC |
| Language of cataloging | DLC |
| 082 ## - DEWEY DECIMAL CLASSIFICATION NUMBER | |
| Classification number | 530 |
| 100 ## - MAIN ENTRY--PERSONAL NAME | |
| Personal name | Young, Hugh D. |
| 245 ## - TITLE STATEMENT | |
| Title | Sears and Zemansky's university physics with modern physics |
| Statement of responsibility, etc. | Hugh D. Young, Roger A. Freedman |
| 250 ## - EDITION STATEMENT | |
| Edition statement | 11th |
| 260 ## - PUBLICATION, DISTRIBUTION, ETC. | |
| Place of publication, distribution, etc. | New Delhi : |
| Name of publisher, distributor, etc. | Pearson Education Inc. , |
| Date of publication, distribution, etc. | c2004. |
| 300 ## - PHYSICAL DESCRIPTION | |
| Extent | xx, 1703 p. : |
| Other physical details | ill. ; |
| Dimensions | 24 cm. |
| 500 ## - GENERAL NOTE | |
| General note | Includes Index |
| 650 ## - SUBJECT ADDED ENTRY--TOPICAL TERM | |
| Topical term or geographic name entry element | Physics. |
| 942 ## - ADDED ENTRY ELEMENTS (KOHA) | |
| Koha item type | Book |
| Call number prefix | 530 YOU |
| Source of classification or shelving scheme | |
| Withdrawn status | Lost status | Damaged status | Not for loan | Collection code | Permanent Location | Current Location | Shelving location | Date acquired | Source of acquisition | Cost, normal purchase price | Total Checkouts | Total Renewals | Full call number | Barcode | Date last seen | Date last checked out | Price effective from | Koha item type | Checked out |
|---|---|---|---|---|---|---|---|---|---|---|---|---|---|---|---|---|---|---|---|
| Central Library (CL) | Central Library (CL) | General Stacks | 09/27/2004 | Allied Book Company | 703.89 | 7 | 8 | 530 YOU | SEECS004796 | 10/29/2024 | 10/09/2024 | 01/05/2017 | Book | ||||||
| Central Library (CL) | Central Library (CL) | General Stacks | 04/14/2014 | Allied Book Company | 445.50 | 7 | 3 | 530 YOU | SEECS006696 | 10/09/2024 | 10/09/2024 | 01/05/2017 | Book | 11/08/2024 | |||||
| Central Library (CL) | Central Library (CL) | General Stacks | 05/19/2009 | Star Books | 708.75 | 6 | 8 | 530 YOU | SEECS009351 | 03/26/2022 | 01/25/2022 | 01/05/2017 | Book | ||||||
| Central Library (CL) | Central Library (CL) | General Stacks | 12/13/2006 | Donation | 0.00 | 1 | 3 | 530 YOU | SEECS007879 | 10/13/2023 | 09/16/2023 | 01/05/2017 | Book | ||||||
| Central Library (CL) | Central Library (CL) | General Stacks | 12/13/2006 | Donation | 0.00 | 530 YOU | SEECS007878 | 11/14/2012 | 01/05/2017 | Book |
